General Knowledge Grab Bag II Quiz Stats

 Plays Quiz Updated Feb 8, 2015

Challenge
Share
Tweet
Embed
Score 0/55 Timer 10:00
59 Plays Today
% Correct
John F. Kennedy
94%
Germany
92.7%
Abraham Lincoln
91.7%
Winter
90.6%
Summer
90.5%
Sleepy
87.7%
Japan
86.4%
Posh Spice
85.8%
Italy
85.7%
Grumpy
82.8%
Maine
80.8%
Doc
80.2%
Noun
80.1%
Oman
80.1%
Verb
79.7%
Adjectives (and Articles)
77.4%
Happy
77.3%
New Hampshire
77.3%
Rhode Island
76.6%
Vermont
76.3%
Dopey
76.3%
Adverb
76%
Massachusetts
76%
Sporty Spice
75.1%
Sneezy
74%
Baby Spice
73.2%
Connecticut
72.7%
Scary Spice
71.8%
% Correct
Ginger Spice
67.7%
Frodo Baggins
67.3%
Bashful
67.2%
Plague of locusts
63.4%
Pronoun
61.7%
Samwise Gamgee
57.9%
Gandalf
57.2%
Plague of amphibians
53.3%
Plague of water to blood
52.2%
Legolas
51.3%
Aragorn
48.1%
Conjunction
47.8%
Plague of the death of the first-born of all Egyptian families
45.5%
Gimli
45.3%
William McKinley
45.3%
James Garfield
44.7%
Peregrin Took
43.3%
Meriadoc Brandybuck
42.9%
Preposition
42.8%
Boromir
39.7%
Plague of hail mixed with fire
27%
Plague of boils
26.3%
Plague of disease on livestock
25.6%
Plague of darkness
24%
Plague of flies
23.4%
Interjection
23.1%
Plague of lice or gnats
16.7%

You're not logged in!

Compare scores with friends on all Sporcle quizzes.
OR
Log In

You Might Also Like...

Show Comments

Extras

Top Quizzes Today


Score Distribution

Your Account Isn't Verified!

In order to create a playlist on Sporcle, you need to verify the email address you used during registration. Go to your Sporcle Settings to finish the process.

Report this User

Report this user for behavior that violates our Community Guidelines.

Details: